| 000 | 00925nam a2200289 4500 | ||
|---|---|---|---|
| 003 | OSt | ||
| 005 | 20260601193900.0 | ||
| 008 | 260505b2003 it a|||| |||| 00| 0 eng d | ||
| 040 |
_aICI _bspa _cICI |
||
| 041 | _aeng | ||
| 050 |
_aNK957 _bA44 |
||
| 100 | 1 |
_aAlessi, Alberto, _eautor |
|
| 245 | 1 |
_aThe dream factory : _bAlessi Since 1921 |
|
| 264 |
_aMilán : _bElecta/Alessi ; _c2003 |
||
| 300 |
_a151 páginas : _bilustraciones |
||
| 336 |
_2rdacontent _atexto |
||
| 337 |
_2rdamedia _asin medio |
||
| 338 |
_2rdacarrier _avolumen |
||
| 500 | _aObra sobre la historia y filosofía de diseño de la empresa Alessi desde 1921 | ||
| 610 |
_aAlessi (Empresa) _933640 |
||
| 650 |
_aDiseño industrial _zItalia |
||
| 650 |
_aObjetos domésticos _xDiseño |
||
| 650 |
_aDiseño de productos _zItalia |
||
| 650 |
_aEmpresas de diseño _zItalia _933644 |
||
| 655 |
_2local _aMonografías ilustradas _933645 |
||
| 942 |
_2lcc _n1 _cB |
||
| 999 |
_c22185 _d22185 |
||